1 & 2 Timothy and Titus / (Record no. 13841)
[ view plain ]
| 000 -LEADER | |
|---|---|
| fixed length control field | 00672cam a22002172 4500 |
| 001 - CONTROL NUMBER | |
| control field | 0000021544 |
| 005 - DATE AND TIME OF LATEST TRANSACTION | |
| control field | 20151217155910.0 |
| 008 - FIXED-LENGTH DATA ELEMENTS--GENERAL INFORMATION | |
| fixed length control field | 120719s xx 000 0 eng d |
| 020 ## - INTERNATIONAL STANDARD BOOK NUMBER | |
| International Standard Book Number | 9966805386 : |
| 040 ## - CATALOGING SOURCE | |
| Original cataloging agency | KABU |
| Transcribing agency | KABU |
| 100 1# - MAIN ENTRY--PERSONAL NAME | |
| Personal name | Ngewa, Samuel. |
| -- | 0000148889 |
| 245 10 - TITLE STATEMENT | |
| Title | 1 & 2 Timothy and Titus / |
| Statement of responsibility, etc. | Samuel Ngewa. |
| 250 ## - EDITION STATEMENT | |
| Edition statement | 1st ed. |
| 260 ## - PUBLICATION, DISTRIBUTION, ETC. (IMPRINT) | |
| Place of publication, distribution, etc. | Grand Rapids, MI : |
| Name of publisher, distributor, etc. | Zondervan, |
| Date of publication, distribution, etc. | 2009. |
| 300 ## - PHYSICAL DESCRIPTION | |
| Extent | xxii, 466 p. |
| 650 #0 - SUBJECT ADDED ENTRY--TOPICAL TERM | |
| Topical term or geographic name as entry element | Bible. N. T. Timothy |
| General subdivision | Commentaries. |
| -- | 0000182500 |
| 650 #0 - SUBJECT ADDED ENTRY--TOPICAL TERM | |
| Topical term or geographic name as entry element | Bible. N. T. Titus |
| General subdivision | Commentaries. |
| -- | 0000182501 |
| 852 1# - LOCATION | |
| -- | p1090 KES |
| 908 ## - PUT COMMAND PARAMETER (RLIN) | |
| Put command parameter | 120719 |
| 950 ## - LOCAL HOLDINGS (RLIN) | |
| -- | 1 |
| Withdrawn status | Lost status | Source of classification or shelving scheme | Not for loan | Home library | Current library | Date acquired | Total Checkouts | Full call number | Barcode | Date last seen | Price effective from | Koha item type |
|---|---|---|---|---|---|---|---|---|---|---|---|---|
| Library of Congress Classification | Kabarak, Main Campus | Kabarak, Main Campus | 17/12/2015 | BS2745.53 .N44 2009 c. 1 | 013551 | 17/03/2023 | 17/12/2015 | Africana Collection |